Business economics / (Record no. 596)

MARC details
000 -LEADER
fixed length control field 01007nam a22001697a 4500
008 - FIXED-LENGTH DATA ELEMENTS--GENERAL INFORMATION
fixed length control field 120203t xxu||||| |||| 00| 0 eng d
020 ## - INTERNATIONAL STANDARD BOOK NUMBER
International Standard Book Number 1861523483
050 ## - LIBRARY OF CONGRESS CALL NUMBER
Classification number HD30.22.M85
100 ## - MAIN ENTRY--PERSONAL NAME
Personal name Moschandreas, Maria
245 ## - TITLE STATEMENT
Title Business economics /
Statement of responsibility, etc. Maria Moschandreas
260 ## - PUBLICATION, DISTRIBUTION, ETC.
Place of publication, distribution, etc. London:
Name of publisher, distributor, etc. Thomson Business Press,
Date of publication, distribution, etc. c1994.
300 ## - PHYSICAL DESCRIPTION
Extent xix, 538 p.:
Other physical details ill.;
Dimensions 23cm.
500 ## - GENERAL NOTE
General note Includes index.
505 ## - FORMATTED CONTENTS NOTE
Formatted contents note Contents: Introduction and book outline -- Industrial and market structure -- The Nature of the firm -- The Internal organization of firm -- Entrepreneurship and profit -- Production and costs -- Consumer behaviour and the market demand -- Business strategy in different market structures -- The Separation of ownership from control -- Multi-market firms -- Pricing policies of multi-market firms -- Ownership and the capital structure of firms -- The Economics of human resource management -- Competing policy, privatisation and de-regulation.
650 ## - SUBJECT ADDED ENTRY--TOPICAL TERM
Topical term or geographic name entry element Business economics
942 ## - ADDED ENTRY ELEMENTS (KOHA)
Source of classification or shelving scheme Library of Congress Classification
Koha item type Books
Holdings
Withdrawn status Lost status Source of classification or shelving scheme Damaged status Not for loan Home library Current library Shelving location Date acquired Total Checkouts Full call number Barcode Date last seen Copy number Price effective from Koha item type
    Library of Congress Classification     WISCONSIN INTERNATIONAL UNIVERSITY COLLEGE, GHANA - MAIN LIBRARY WISCONSIN INTERNATIONAL UNIVERSITY COLLEGE, GHANA - MAIN LIBRARY General Stacks 03/02/2012   HD30.22.M85 1281/12 03/02/2012 1 03/02/2012 Books
    Library of Congress Classification     WISCONSIN INTERNATIONAL UNIVERSITY COLLEGE, GHANA - MAIN LIBRARY WISCONSIN INTERNATIONAL UNIVERSITY COLLEGE, GHANA - MAIN LIBRARY General Stacks 03/02/2012   HD30.22.M852 1282/12 03/02/2012 2 03/02/2012 Books

If you have any concerns or questions; kindly contact the library


© Powered by WIUC ICT DIRECTORATE